| 000 | 00556 a2200169 4500 | ||
|---|---|---|---|
| 005 | 20250508092351.0 | ||
| 020 | _a0-07-253307-2 | ||
| 082 | _aLECT 510 BEN | ||
| 100 | _aBENNETT, Albert B. | ||
| 245 | _aMathematics For Elementary Teachers: An Activity Approach | ||
| 250 | _a6th Ed. | ||
| 260 |
_aBoston, _bMcgra-Hill Higher Education, _c2004. |
||
| 300 |
_axiv, 349p.: ill.; chart, figure, graph, picture. _bIndex. _c25cm. |
||
| 700 | _aNELSON. L. T. | ||
| 856 |
_yAccess Online Book _fMathematics For Elementary Teachers _dwww.mhhe.com |
||
| 942 |
_2ddc _cBKS |
||
| 999 |
_c2161 _d2161 |
||